| 000 | 00371nam a2200145Ia 4500 | ||
|---|---|---|---|
| 008 | 230917s9999||||xx |||||||||||||| ||und|| | ||
| 040 |
_e99724 _aMAIN |
||
| 041 | _aEnglish | ||
| 082 | _a515.723 A26I | ||
| 100 | _aAndrews, Lary C | ||
| 245 | 0 | _aIntegral transforms for engineers | |
| 260 |
_aNew Delhi _bPrentice-Hall of India _c1999 |
||
| 300 | _a353 p. | ||
| 942 | _cBK | ||
| 999 |
_c109224 _d109224 |
||